Podniková kultúra a jej vplyv na efektívne využívanie ľudských zdrojov

Pozitívne a negatívne vplyvy podnikovej kultúry na pohodu pri práci, kvalitu a efektivitu práce ako aj na komplexnú kvalitu samotného podniku. V príspevku sú charakterizované typy podnikových kultúr, pozornosť je venovaná taktiež prvkom vplývajúcim na rozvoj ľudského potenciálu.

Na minha lista:
Detalhes bibliográficos
Autor principal: Fabianová, Jana
Outros Autores: Janeková, Jaroslava
Formato: Capítulo de Livro
Idioma:eslovaco
Assuntos:
Tags: Adicionar Tag
Sem tags, seja o primeiro a adicionar uma tag!

MARC

LEADER 00000nla$a2200000$$$4500
001 0129100
005 20221107083451.8
041 0 |a slo 
044 |a CZ 
245 1 0 |a Podniková kultúra a jej vplyv na efektívne využívanie ľudských zdrojov  |c Jana Fabianová, Jaroslava Janeková 
520 |a Pozitívne a negatívne vplyvy podnikovej kultúry na pohodu pri práci, kvalitu a efektivitu práce ako aj na komplexnú kvalitu samotného podniku. V príspevku sú charakterizované typy podnikových kultúr, pozornosť je venovaná taktiež prvkom vplývajúcim na rozvoj ľudského potenciálu. 
610 2 0 |a kultúra podniková 
610 2 0 |a zdroje ľudské 
610 2 0 |a motivácia 
610 2 0 |a motivácia pracovná 
610 2 0 |a odmeňovanie 
100 1 |a Fabianová, Jana 
700 1 |a Janeková, Jaroslava